000 00711nam a2200253Ia 4500
003 BUBTL
008 151213s9999 xx 000 0 und d
020 _a8177589997
041 _aEnglish
082 _27th
_a658.8342/ Sch327c/ 2007
100 _aSchiffman, Leon G.
_95340
245 _aConsumer Behavior /
_cLeon G. Schiffman, Leslie Lazar Kanuk
250 _a9th
260 _aNew Delhi
_bPearson Prentic Hall
_cc2007
300 _a581 p. :
_bill. ;
_c21 cm.
500 _aIncludes Index.
526 _aBBA/ MBA
650 _aMarketing
650 _a
700 _aLeon G. Schiffman, Leslie Lazar Kanuk
856 _k0
_l0
_yDownload
942 _2ddc
_cBK
999 _c3117
_d3117